1398 1273 1913 1789 1489 1295 1748 1318 1161 1261 1758 1135 1026 1583 1235 1656 1921 1418 1968 1540 1663 1154 1182 1630 1198 1020 1830 1649 1196 1661 1646 1065 1246 1399 1690 1670 1773 1764 1296 1298 1284 1450 1475 1970 1332 1102 1948 1544 1651 1406 1883 1695 1901 1611 1851 1692 1228 1249 1241 1374 1850 1551 1643 1990 1039 1636 1472 1577 1788 1569 1096 1774 1402 1028 1242 1216 1878 1888 1864 1816 1273 1824 1781 1118 1588 1207 1949 1009 1004 1995 1440 1338 1979 1839 1103 1745 1105 1122 1970 BCNSPRNW ULIB Ver.6.0+V

เปลี่ยนเป็นภาษาไทย

Change to English
 แสดงรายละเอียดบรรณานุกรม
  กลับหน้าหลัก

Brief Record : Get Marc (ISO 2709) : E-mail record : QR code < ปิดหน้าต่าง
LEADER : 00000nam 2200000uu 4500
001    13399128000
003     ULIB
008    211222s2557||||th 000 0 tha d
020    ^a9786162795602
050  4 ^aHF5549.5.J63^bอ148ก^cล.3
100 0  ^aอธิวัฒน์ เจี่ยวิวรรธน์กุล
245 10 ^aสรรสาระองค์กรแห่งความสุข เล่ม 3 แนวคิดและเครื่องมือการขับเคลื่อนงาน /^cหัวหน้าโครงการ, อธิวัฒน์ เจี่ยวิวรรธน์กุล; ผู้เขียน, ลลิดา มาไพศาลทรัพย์ ... [และคนอื่น ๆ ]
250    ^aพิมพ์ครั้งที่ 1
260    ^aกรุงเทพฯ :^bมหาวิทยาลัยมหิดล,^c2557,
300    ^a116 หน้า :^bภาพประกอบ ;^c21 ซม
490 1  ^aสรรสาระองค์กรแห่งความสุข ;^vล.1
500    ^aผู้แต่ง, ทิพวัลย์ รามรง, สิทธิพร กล้าแข็ง, ศราวุธ ทาคำ
500    ^aสนับสนุนโดย สำนักงานกองทุนสนับสนุนการสร้างเสริมสุขภาพ
505 0  ^aคำนำ -- ย่างก้าวสู่การเป็น "องค์กรแห่งความสุข"บทเรียนการขับเคลื่อนองค์กรสุขภาวะจากสภาอุตสาหกรรมจังหวัดฉะเชิงเทรา /ลลิดา มาไพศาลทรัพย์ -- "ตรังโมเดล" การขับเคลื่อนโครงการ HappyWorkplace ด้วยวงจร PDCA แบบครบวงจร / ทิพวัลย์ รามรง -- HappyMoney หนึ่งความสุขสำคัญขององค์กร / สิทธิพร กล้าแข็ง --การศึกษาดูงานเพื่อพัฒนาองค์กรแห่งความสุข / ศราวุธ ทาคำ
650  0 ^aJob satisfaction
650  4 ^aความสุขในการทำงาน
650  4 ^aความพอใจในการทำงาน
650  4 ^aคุณภาพชีวิตการทำงาน
700 0  ^aทิพวัลย์ รามรง
700 0  ^aสิทธิพร กล้าแข็ง
700 0  ^aศราวุธ ทาคำ
710 2  ^aมหาวิทยาลัยมหิดล.^bสถาบันแห่งชาติเพื่อการพัฒนาเด็กและครอบครัว.^bโครงการพัฒนากลไกทางวิชาการเพื่อสนับสนุนงานสร้างเสริมสุขภาวะองค์กร
710 2  ^aมหาวิทยาลัยมหิดล.^bคณะสังคมศาสตร์และมนุษยศาสตร์
710 2  ^aสำนักงานกองทุนสนับสนุนการสร้างเสริมสุขภาพ
830  0 ^aสรรสาระองค์กรแห่งความสุข ;^vล.3
945    ^p0^l0^i008598
999    ^aประนอม เกษจรัล
รายการนี้ยังไม่มีแท็ก
คุณยังไม่ได้ล็อกอิน คุณสามารถมีกิจกรรมร่วมกับเว็บไซต์ได้ แต่ต้องล็อกอินก่อน ::
  ล็อกอิน

รายการสื่อสารสนเทศ

ลำดับที่ ประเภท เลขเรียก/บาร์โค้ด สถานที่ สถานะ
1. การศึกษาทั่วไป
หนังสือสำรอง
สถานะ=หนังสือสำรอง
HF5549.5.J63 อ148ก ล.3 ฉ.1 
  Barcode: 008598
ห้องสมุดวิทยาเขตสวรรค์ประชารักษ์
►หนังสือทั่วไป
บนชั้น

รายการใกล้เคียง
    ผู้แต่ง [อธิวัฒน์ เจี่ยวิวรรธน์กุล]

    หัวเรื่อง [Job satisfaction]
    หัวเรื่อง [ความสุขในการทำงาน]
    หัวเรื่อง [ความพอใจในการทำงาน]
    หัวเรื่อง [คุณภาพชีวิตการทำงาน]

BibComment


ยังไม่เคยถูกคอมเมนท์

คอมเมนท์ทรัพยากรรายการนี้
  คอมเมนท์: สรรสาระองค์กรแห่..


 Copyright 2026. Bcnsprnw @Library